书目信息 |
| 题名: |
化工基础实验
|
|
| 作者: | ;武汉大学 , 兰州大学 , 复旦大学 编 | |
| 分册: | ||
| 出版信息: | 北京 高等教育出版社 2016.05 |
|
| 页数: | 214页 | |
| 开本: | 23cm | |
| 丛书名: | 高等学校教材 | |
| 单 册: | ||
| 中图分类: | TQ016 | |
| 科图分类: | ||
| 主题词: | 化学工业--教材--化学实验--高等学校 | |
| 电子资源: | ||
| ISBN: | 978-7-04-016633-0 | |
| 000 | 01038nam0 2200277 450 | |
| 001 | 1083 | |
| 005 | 20161102160624.65 | |
| 010 | @a978-7-04-016633-0@b平装@dCNY22.40 | |
| 100 | @a20050507d2016 em y0chiy0120 ea | |
| 101 | 0 | @achi |
| 102 | @aCN@b110000 | |
| 105 | @ay z 000yy | |
| 200 | 1 | @a化工基础实验@9hua gong ji chu shi yan@f武汉大学,兰州大学,复旦大学编 |
| 210 | @a北京@c高等教育出版社@d2016.05@h2007重印 | |
| 215 | @a214页@d23cm | |
| 225 | 2 | @a高等学校教材@9gao deng xue xiao jiao cai |
| 330 | @a本书是全国十多所大学在多年使用的化工基础实验讲义的基础上集体编写完成的,供理科化学和应用化学专业化工基础实验课程教学使用。内容包括化工实验基础知识、化工基础实验和综合实验等三部分。 | |
| 333 | @a使用对象:高校师生 | |
| 461 | 0 | @12001 @a高等学校教材 |
| 606 | 0 | @a化学工业@j教材@x化学实验@x高等学校 |
| 690 | @aTQ016@v4 | |
| 711 | 02 | @a武汉大学@9wu han da xue@4编 |
| 711 | 02 | @a兰州大学@9lan zhou da xue@4编 |
| 711 | 02 | @a复旦大学@9fu dan da xue@4编 |
| 801 | 0 | @aCN@b唐山师范学院图书馆@c20160830 |
| 905 | @aZUCC@dTQ016@e277 | |
| 化工基础实验/武汉大学,兰州大学,复旦大学编.-北京:高等教育出版社,2016.05(2007重印) |
| 214页;23cm.-(高等学校教材) |
| 使用对象:使用对象:高校师生 |
| ISBN 978-7-04-016633-0(平装):CNY22.40 |
| 本书是全国十多所大学在多年使用的化工基础实验讲义的基础上集体编写完成的,供理科化学和应用化学专业化工基础实验课程教学使用。内容包括化工实验基础知识、化工基础实验和综合实验等三部分。 |
| ● |
| 相关链接 |
|
|
|
|
正题名:化工基础实验
索取号:TQ016/277
 
预约/预借
| 序号 | 登录号 | 条形码 | 馆藏地/架位号 | 状态 | 备注 |
| 1 | 906821 | 209068211 | 第二样本阅览室/ [索取号:TQ016/277] | 在馆 | |
| 2 | 906822 | 209068220 | 第三借阅区/ [索取号:TQ016/277] | 在馆 | |
| 3 | 906823 | 209068239 | 密集书库-化学系/ [索取号:TQ016/277] | 在馆 |